000 00419nam a22001457a 4500
005 20251103143945.0
008 251103b |||||||| |||| 00| 0 eng d
020 _a8171795455
050 _aRT97 BAS
100 _aBasavanthappa, B. T.
245 _aCommunity Health Nursing
_cB. T. Basavanthappa
260 _aNew Delhi
_bJaypee Brothers Medical Publishers
_c2006
300 _aix. 737p.
_bill.
_c24cm
942 _2lcc
_cBK
_n0
999 _c7995
_d7995